| 000 | 02826nas1a22003611i 4500 | ||
|---|---|---|---|
| 001 | RU\NLR\BIBL_A\022100577 | ||
| 005 | 20260412063405.0 | ||
| 011 | _a1990-7796 | ||
| 035 | _a(NLR Aleph) 022100577 | ||
| 090 |
_a12745369 _c12745369 |
||
| 100 | _a20231221a20059999|||y0rusy50 ca | ||
| 101 | 0 | _arus | |
| 102 | _aRU | ||
| 110 | _aahuzz 0|y| | ||
| 181 | 0 |
_ai _baxxe |
|
| 182 | 0 | _an | |
| 200 | 1 |
_aВести Автомобильно-дорожного института _dBulletin of the Automobile and highway institute _eмеждународный научно-технический журнал _fАвтомобил.-дорож. ин-т Гос. образоват. учреждения высш. проф. образования "Донец. нац. техн. ун-т" _zeng |
|
| 203 |
_aТекст _bвизуальный _cнепосредственный |
||
| 210 |
_aГорловка _cАвтомобильно-дорожный институт ГОУВПО "Донецкий национальный технический университет" _d2022 - |
||
| 300 | _aВ надзаг. также: М-во образования и науки Донец. нар. респ. | ||
| 311 | _aРанее выходил как: Автомобільно-дорожній інститут. Вісті Автомобільно-дорожнього інституту (в РНБ нет) | ||
| 430 | 0 |
_12001#$aВісті Автомобільно-дорожнього інституту _tВісті Автомобільно-дорожнього інституту |
|
| 510 | 1 |
_aBulletin of the Automobile and highway institute _zeng |
|
| 606 |
_aАвтомобильный транспорт _jПериодические издания _9888390 _3RU\NLR\AUTH\66556 |
||
| 686 | 1 | _aО3я52 | |
| 710 | 0 | 2 |
_aАвтомобильно-дорожный институт _cГорловка _9556818 _3RU\NLR\AUTH\880446611 |
| 852 |
_aNLR _jП11/6395 |
||
| 942 | _cJOURNAL | ||
| 980 | _aRUSPER | ||